000 00592nam a2200241 a 4500
001 nice12345678
003 IN_TiNIC
005 20260116011305.0
008 050524s1944 beia grp 000 0 ara
020 _a
_c100
082 0 0 _a232.9
_bFOR2
100 _aFord, George A
245 _aHadiyatah Milad
_b Man Howa Yasul Masih
260 _aBeirut
_bAmeer Kaniya Press
_c1944
300 _a122p
500 _aincludes index and biblioraphy
505 2 _areference
650 _aJesus Christ-Biography
700 1 _aFord, George A
902 _bSRS
942 _cBK
999 _c214
_d214